000 01014cam a2200205 4500
001 ABS67066
008 030917n2003 000 0 eng u
035 _a(Sirsi) u123635
100 _aBaker, B.
245 _aPooling good practice
260 _c2003
490 _aSurveyor
_v190(5744) 28 August 2003,13-14(2)
520 _aLooks at the forthcoming government code of practice on sustainable drainage systems (SUDS), which is due at the end of 2003. It is intended to address issues such as maintenance, funding, discharge consents, legal issues and nationally agreed adoption procedures. Discusses whether it can solve the problems of sustainable drainage, identifying that the planning system will be important for its implementation. Highlights the problem of funding as a major obstacle.
590 _aABS
650 _aSUSTAINABLE URBAN DRAINAGE SYSTEMS
650 _aDRAINAGE
650 _aURBAN ENVIRONMENT
690 _aENVIRONMENTAL AND LAND CONSULTANCY-ENVIRONMENTAL MANAGEMENT
942 _n0
999 _c73416
_d73416